| 000 | 00501nam a22001577a 4500 | ||
|---|---|---|---|
| 999 |
_c534917 _d534917 |
||
| 020 | _qHard Cover. | ||
| 082 | _a620.1 | ||
| 100 | _aNida Hassan | ||
| 245 |
_aA Particle Filter Based Approach for Road Crack Detection / _cNida Hassan. |
||
| 260 |
_aIslamabad : _bCEME - NUST, _c2018. |
||
| 300 |
_axii, 50 p. ill. ; _c30cm. |
||
| 942 |
_2ddc _cTHE |
||
| 650 |
_aMS Thesis Mechatronics Engineering _929296 |
||
| 700 |
_a DR. KHURRAM KAMAL. _916102 |
||